It's not summer without you (Record no. 4844)
[ view plain ]
| 000 -CABECERA | |
|---|---|
| campo de control de longitud fija | 02295nam a22002297a 4500 |
| 003 - IDENTIFICADOR DEL NÚMERO DE CONTROL | |
| campo de control | OSt |
| 005 - FECHA Y HORA DE LA ÚLTIMA TRANSACCIÓN | |
| campo de control | 20250709105811.0 |
| 008 - DATOS DE LONGITUD FIJA--INFORMACIÓN GENERAL | |
| campo de control de longitud fija | 250709b |||||||| |||| 00| 0 eng d |
| 020 ## - NÚMERO INTERNACIONAL ESTÁNDAR DEL LIBRO | |
| Número Internacional Estándar del Libro | 9780241700440 |
| 040 ## - FUENTE DE LA CATALOGACIÓN | |
| Centro/agencia transcriptor | tbs |
| 041 ## - CÓDIGO DE LENGUA | |
| Código de lengua del texto/banda sonora o título independiente | English |
| 245 ## - MENCIÓN DE TÍTULO | |
| Título | It's not summer without you |
| Mención de responsabilidad, etc. | / Jenny Han ; retold by Madeleine Burgess ; illustrated by Jieting Chen. |
| 260 ## - PUBLICACIÓN, DISTRIBUCIÓN, ETC. | |
| Lugar de publicación, distribución, etc. | Dublin : Penguin Books Ltd. 2025 |
| 300 ## - DESCRIPCIÓN FÍSICA | |
| Extensión | 80 pages |
| 490 ## - MENCIÓN DE SERIE | |
| Mención de serie | Penguin reader |
| 505 ## - NOTA DE CONTENIDO CON FORMATO | |
| Nota de contenido con formato | Online Learning materials: Answer Keys and Lesson Plans. With carefully adapted text, new illustrations, language practise activities and additional online resources, the Penguin Readers series introduces language learners to bestselling authors and compelling content. Titles include popular classics, exciting contemporary fiction, and thought-provoking non-fiction. The text is made up of sentences with up to three clauses, introducing more complex uses of present perfect simple, passives, phrasal verbs and simple relative clauses. It is well supported by illustrations, which appear regularly. |
| 520 ## - SUMARIO, ETC. | |
| Sumario, etc. | With carefully adapted text, new illustrations, language practise activities and additional online resources, the Penguin Readers series introduces language learners to bestselling authors and compelling content. Titles include popular classics, exciting contemporary fiction, and thought-provoking non-fiction.<br/><br/>It's Not Summer Without You, a Level 4 Reader, is A2+ in the CEFR framework. The text is made up of sentences with up to three clauses, introducing more complex uses of present perfect simple, passives, phrasal verbs and simple relative clauses. It is well supported by illustrations, which appear regularly.<br/><br/>It’s Not Summer Without You is the second of three famous books about Belly and her feelings for Conrad and his brother, Jeremiah. Conrad is now at college, and he and Belly are dating. But, Susannah is very ill and Conrad loves his mother very much. Is this the right time for him and Belly? |
| 650 ## - PUNTO DE ACCESO ADICIONAL DE MATERIA--TÉRMINO DE MATERIA | |
| Término de materia o nombre geográfico como elemento de entrada | Reading comprehension |
| 9 (RLIN) | 22469 |
| 690 ## - PUNTO DE ACCESO ADICIONAL DE MATERIA LOCAL--TÉRMINO DE MATERIA (OCLC, RLIN) | |
| Término de materia o nombre geográfico como elemento inicial | English language - Textbooks for foreign speakers |
| 856 ## - LOCALIZACIÓN Y ACCESO ELECTRÓNICOS | |
| Texto de enlace | Exclusively with the print edition, readers can unlock online resources including a digital book, audio edition, lesson plans and answer keys. |
| 942 ## - ELEMENTOS DE ENTRADA AGREGADA (KOHA) | |
| Fuente del sistema de clasificación o colocación | Clasificación de Library of Congress |
No items available.

